ბათუმის შოთა რუსთაველის სახელმწიფო უნივერსიტეტის ბიბლიოთეკა

შავი და ცისფერი მდინარე. (ბიბ.ჩანაწერი № 41997)

000 -LEADER
fixed length control field 00749nam a2200229Ia 4500
001 - CONTROL NUMBER
control field 8683
003 - CONTROL NUMBER IDENTIFIER
control field GE_BSU
008 - FIXED-LENGTH DATA ELEMENTS--GENERAL INFORMATION
fixed length control field 181216s||||||||xx |||||||||||||| ||und||
040 ## - CATALOGING SOURCE
Transcribing agency GE_BSU
080 ## - UNIVERSAL DECIMAL CLASSIFICATION NUMBER
Universal Decimal Classification number 821.353.1-31
100 ## - MAIN ENTRY--PERSONAL NAME
Personal name იოსელიანი,ოტია.
245 ## - TITLE STATEMENT
Title შავი და ცისფერი მდინარე.
245 ## - TITLE STATEMENT
Remainder of title რომანი
245 ## - TITLE STATEMENT
Statement of responsibility, etc. რედ:მ.წიკლაური;მხარვ:გ.წერეთელი.
260 ## - PUBLICATION, DISTRIBUTION, ETC.
Place of publication, distribution, etc. თბილისი-ქუთაისი.
260 ## - PUBLICATION, DISTRIBUTION, ETC.
Name of publisher, distributor, etc. გ.გ.
260 ## - PUBLICATION, DISTRIBUTION, ETC.
Date of publication, distribution, etc. 1976
300 ## - PHYSICAL DESCRIPTION
Extent 408გვ;21სმ.
653 ## - INDEX TERM--UNCONTROLLED
Uncontrolled term რომანი
653 ## - INDEX TERM--UNCONTROLLED
Uncontrolled term შავი და ცისფერი მდინარე.
942 ## - ADDED ENTRY ELEMENTS (KOHA)
Koha item type წიგნი
ეგზემპლარები
Withdrawn status Lost status Damaged status Not for loan Date acquired Barcode Date last seen Price effective from Koha item type Public note
        2018-12-17 31082 2018-12-17 2018-12-17 წიგნი  
        2018-12-17 31083 2018-12-17 2018-12-17 წიგნი  
        2018-12-17 41515 აგრ.ტექ.ბიბლ. 2018-12-17 2018-12-17 წიგნი აგრ.ტექ.ბიბლ. 03